[Event "22nd TCh-SLO 2012"]
[Site "Slovenia SLO"]
[Date "2012.12.09"]
[Round "9"]
[White "Ruck,R1"]
[Black "Zorko,Ju"]
[Result "1-0"]
[WhiteTitle "GM"]
[BlackTitle "IM"]
[WhiteElo "2568"]
[BlackElo "2476"]
[WhiteTeam "SD Radenska Pomgrad"]
[BlackTeam "SD KRKA Novo mesto"]
[WhiteFideId "705713"]
[BlackFideId "14604051"]
[EventDate "2012.11.23"]

1. Nf3 Nf6 2. c4 e6 3. Nc3 Bb4 4. g3 O-O 5. Bg2 d5 6. a3 Be7 7. d4 dxc4 8. Ne5
Nc6 9. Bxc6 bxc6 10. Nxc6 Qe8 11. Nxe7+ Qxe7 12. Qa4 c5 13. Qxc4 cxd4 14. Qxd4
e5 15. Qh4 Bb7 16. O-O Qe6 17. e4 Rac8 18. Be3 a6 19. f3 Qb3 20. Rab1 h6 21. Qh3
Rcd8 22. Qg2 Bc8 23. Rfd1 Be6 24. Rbc1 Rxd1+ 25. Rxd1 Rb8 26. Rd2 Bc4 27. Qf2
Nh7 28. Qe1 Nf8 29. Qd1 Ne6 30. Qxb3 Rxb3 31. Kf2 Kf8 32. f4 exf4 33. gxf4 f6
34. f5 Nc7 35. Na4 Rd3 36. Nc5 Rxd2+ 37. Bxd2 Ke7 38. Bb4 Ke8 39. b3 Bf7 40. Ke3
g6 41. Ba5 Nb5 42. a4 Na7 43. fxg6 Bxg6 44. Nxa6 Nc6 45. Bc3 f5 46. exf5 Bxf5
47. b4 Bc2 48. Nc5 Kd8 49. b5 Nb8 50. a5 Nd7 51. Nxd7 Kxd7 52. Kd4 Bd1 53. Kc5
Bf3 54. a6 Be2 55. Kb6 h5 56. h4 Bd3 57. Be5 Be2 58. Bg3 Bd3 59. Ka5 Kc8 60. b6
Be4 61. Kb4 Bf3 62. Kc5 Be4 63. Kd4 1-0

[Event "22nd TCh-SLO 2012"]
[Site "Slovenia SLO"]
[Date "2012.12.09"]
[Round "9"]
[White "Gruskovnjak,T"]
[Black "Volf,Z"]
[Result "1/2-1/2"]
[WhiteTitle "FM"]
[WhiteElo "2388"]
[BlackElo "2230"]
[WhiteTeam "SD Radenska Pomgrad"]
[BlackTeam "SD KRKA Novo mesto"]
[WhiteFideId "14602326"]
[BlackFideId "14604949"]
[EventDate "2012.11.23"]

1. c4 e5 2. Nc3 Nc6 3. g3 f5 4. Bg2 Nf6 5. Nf3 e4 6. Ng5 Bb4 7. O-O O-O 8. d3
Bxc3 9. bxc3 d6 10. Qb3 Qe8 11. Nh3 Ne5 12. d4 Ng6 13. c5+ d5 14. Nf4 c6 15. f3
Nxf4 16. Bxf4 Qh5 17. c4 Kh8 18. Be5 dxc4 19. Qxc4 exf3 20. Bxf3 Qe8 21. Qb3 Rf7
22. Rae1 Be6 23. Qb1 Qd7 24. a4 Rd8 25. Rf2 Bc4 26. Qc1 Qe6 27. Qg5 Rdd7 28.
Ref1 b6 29. cxb6 axb6 30. Bh5 Nxh5 31. Qxh5 c5 32. Rxf5 cxd4 33. Rxf7 Rxf7 34.
Rxf7 Qxf7 35. Qg4 h5 36. Qf4 Qxf4 37. gxf4 Bxe2 38. Bxd4 Bd1 39. Bxb6 Bxa4 1/2-1/2

[Event "22nd TCh-SLO 2012"]
[Site "Slovenia SLO"]
[Date "2012.12.08"]
[Round "9"]
[White "Mejak,Severin"]
[Black "Gjuran,D"]
[Result "1/2-1/2"]
[BlackTitle "FM"]
[WhiteElo "2071"]
[BlackElo "2336"]
[WhiteTeam "SD KRKA Novo mesto"]
[BlackTeam "SD Radenska Pomgrad"]
[WhiteFideId "14609886"]
[BlackFideId "14603373"]
[EventDate "2012.11.23"]

1. d4 d5 2. c4 c6 3. Nf3 Nf6 4. Nc3 e6 5. Bg5 Nbd7 6. e3 Qa5 7. Nd2 Bb4 8. Bxf6
Nxf6 9. Qc2 O-O 10. Bd3 c5 11. Nb3 Qc7 12. dxc5 dxc4 13. Bxc4 Bxc5 14. Nxc5 Qxc5
15. Bd3 Bd7 16. O-O Rac8 17. Rac1 Bc6 18. Qe2 Rfd8 19. Rfd1 Qg5 20. f3 Qa5 21.
Bc4 h6 22. Rxd8+ Rxd8 23. Rd1 Rxd1+ 24. Qxd1 Qb6 25. Qd2 Qc7 26. Bb3 Qb6 27. Bc4
Qc7 28. Bb3 Qb6 29. Bc4 Qc7 30. Bb3 1/2-1/2

[Event "22nd TCh-SLO 2012"]
[Site "Slovenia SLO"]
[Date "2012.12.08"]
[Round "9"]
[White "Cigan,S"]
[Black "Rifelj,L"]
[Result "1-0"]
[WhiteTitle "IM"]
[WhiteElo "2374"]
[BlackElo "1881"]
[WhiteTeam "SD Radenska Pomgrad"]
[BlackTeam "SD KRKA Novo mesto"]
[WhiteFideId "14600064"]
[BlackFideId "14603462"]
[EventDate "2012.11.23"]

1. e4 c5 2. Nf3 d6 3. c3 Nf6 4. g3 g6 5. Bg2 Bg7 6. O-O O-O 7. Re1 Nc6 8. h3 e5
9. d3 h6 10. a4 Re8 11. Na3 Rb8 12. Be3 a6 13. Qd2 Kh7 14. b4 cxb4 15. cxb4 d5
16. b5 Na5 17. Qb4 b6 18. bxa6 Bxa6 19. Nb5 d4 20. Bc1 Bf8 21. Qb2 Nd7 22. Qa2
Re6 23. Rb1 Nc5 24. Bf1 Nc6 25. Nd2 Ra8 26. Qc2 Bxb5 27. axb5 Na5 28. f4 exf4
29. gxf4 Qh4 30. Nf3 Qh5 31. Nxd4 Rd6 32. Be3 Rad8 33. Nc6 Nxc6 34. bxc6 Rxd3
35. c7 Rxe3 36. cxd8=Q 1-0

[Event "22nd TCh-SLO 2012"]
[Site "Slovenia SLO"]
[Date "2012.12.08"]
[Round "9"]
[White "Zupancic,U"]
[Black "Lazar,Ales ML"]
[Result "0-1"]
[BlackTitle "FM"]
[WhiteElo "1924"]
[BlackElo "2304"]
[WhiteTeam "SD KRKA Novo mesto"]
[BlackTeam "SD Radenska Pomgrad"]
[WhiteFideId "14606631"]
[BlackFideId "14603039"]
[EventDate "2012.11.23"]

1. e4 c5 2. Nf3 e6 3. d4 cxd4 4. Nxd4 Nc6 5. Nb3 Nf6 6. Bd3 Be7 7. Qe2 Ne5 8.
Nc3 a6 9. a4 b6 10. O-O d6 11. f4 Nxd3 12. cxd3 O-O 13. Be3 Bd7 14. Kh1 Qb8 15.
Rfc1 Qb7 16. Bg1 Rab8 17. Rc2 g6 18. Qe1 Rfe8 19. Qc1 Bd8 20. Qf1 Rc8 21. Rac1
Nh5 22. Qf3 f5 23. Be3 Nf6 24. e5 Bc6 25. Qe2 dxe5 26. fxe5 Ng4 27. Bd2 Bh4 28.
Nd4 Nf2+ 29. Kg1 Bxg2 30. h3 Bg3 31. Ne4 Bxe4 32. Rxc8 Rxc8 33. dxe4 Nxe4 34.
Nxe6 Rxc1+ 35. Bxc1 Qc8 36. Bh6 Qxe6 37. Qxa6 Qc6 38. Qa7 Bxe5 0-1

[Event "22nd TCh-SLO 2012"]
[Site "Slovenia SLO"]
[Date "2012.12.09"]
[Round "9"]
[White "Srebrnic,A"]
[Black "Borisek,J"]
[Result "0-1"]
[WhiteTitle "WGM"]
[BlackTitle "GM"]
[WhiteElo "2204"]
[BlackElo "2560"]
[WhiteTeam "SK Nova Gorica"]
[BlackTeam "SD Tehcenter Ptuj"]
[WhiteFideId "14603314"]
[BlackFideId "14603152"]
[EventDate "2012.11.23"]

1. c4 f5 2. Nc3 Nf6 3. g3 g6 4. Bg2 Bg7 5. e3 O-O 6. Nge2 e5 7. O-O d6 8. d3 Nc6
9. Rb1 g5 10. f4 h6 11. b4 Ne7 12. b5 Ng6 13. Nd5 Nxd5 14. Bxd5+ Kh7 15. Bd2 h5
16. Nc3 g4 17. Ne2 h4 18. Rf2 Qe8 19. Bg2 h3 20. Bf1 b6 21. d4 a6 22. Qc2 Bb7
23. d5 axb5 24. Rxb5 Bc8 25. Bc3 Bd7 26. Rb1 Ra3 27. Qb2 Qa8 28. Nc1 Rxc3 29.
Qxc3 exf4 30. Qd2 fxe3 31. Qxe3 Re8 32. Qd3 Ne5 33. Qd1 Bh6 34. Rb3 Ba4 35. Bd3
Bxb3 36. Bxf5+ Kg7 37. Qxb3 Bxc1 38. Bxg4 Nxg4 39. Qc3+ Re5 0-1

[Event "22nd TCh-SLO 2012"]
[Site "Slovenia SLO"]
[Date "2012.12.08"]
[Round "9"]
[White "Skrinjar,M"]
[Black "Podkriznik,G"]
[Result "0-1"]
[BlackTitle "FM"]
[WhiteElo "2058"]
[BlackElo "2334"]
[WhiteTeam "SK Nova Gorica"]
[BlackTeam "SD Tehcenter Ptuj"]
[WhiteFideId "14607263"]
[BlackFideId "14601893"]
[EventDate "2012.11.23"]

1. e4 g6 2. d4 Bg7 3. Be3 d6 4. Nc3 Nf6 5. h3 O-O 6. f4 c5 7. dxc5 Qa5 8. Qd2
dxc5 9. e5 Rd8 10. Bd3 c4 11. exf6 exf6 12. Nd5 Qxd5 13. Bxc4 Qxd2+ 14. Bxd2 Bf5
15. O-O-O Be4 16. Rh2 f5 17. Ne2 Nc6 18. Nc3 Rac8 19. Nxe4 fxe4 20. g4 e3 21.
Bc3 Bxc3 22. bxc3 Rxd1+ 23. Kxd1 Ne7 24. Bb3 Rxc3 25. Ke2 Nc6 26. Rh1 Nd4+ 27.
Kd1 b5 28. Kc1 a5 29. Kb2 b4 30. Kc1 Kg7 31. Kd1 Kf6 32. h4 h5 33. gxh5 gxh5 34.
Re1 e2+ 35. Kc1 Kf5 36. Bxf7 Kxf4 37. Bxh5 Rxc2+ 38. Kb1 Ke3 39. Bxe2 Rxe2 40.
Rxe2+ Kxe2 41. h5 Nf5 42. Kb2 a4 43. Kc2 Ke3 44. Kc1 Kd3 45. Kd1 Kc3 46. Kc1 b3
47. axb3 axb3 0-1

[Event "22nd TCh-SLO 2012"]
[Site "Slovenia SLO"]
[Date "2012.12.08"]
[Round "9"]
[White "Roskar,R"]
[Black "Vodopivec,V"]
[Result "1-0"]
[WhiteTitle "FM"]
[WhiteElo "2284"]
[BlackElo "1963"]
[WhiteTeam "SD Tehcenter Ptuj"]
[BlackTeam "SK Nova Gorica"]
[WhiteFideId "14601850"]
[BlackFideId "14602784"]
[EventDate "2012.11.23"]

1. e4 b6 2. d4 Bb7 3. Nc3 e6 4. Bd3 Nf6 5. Nf3 Bb4 6. Qe2 d5 7. e5 Ne4 8. Bd2
Nxd2 9. Qxd2 Be7 10. Ne2 Ba6 11. Bxa6 Nxa6 12. h4 c5 13. h5 h6 14. Rh3 cxd4 15.
Nfxd4 Qc7 16. f4 Nc5 17. Nc3 a6 18. O-O-O O-O-O 19. Qe2 Kb7 20. Kb1 Qd7 21. Qg4
f5 22. Qg6 Bf8 23. b4 Na4 24. Nxe6 Rc8 25. Nxa4 Qxa4 26. Qf7+ Kb8 27. Rb3 Bxb4
28. Qxf5 a5 29. Qd3 Rc6 30. f5 Rhc8 31. Rc1 Ka7 32. c3 Rc4 33. Rc2 Qd7 34. Nd4
Bc5 35. e6 Qd8 36. Nb5+ Kb8 37. Qg3+ Kb7 38. Qxg7+ Qe7 39. Qxe7+ Bxe7 40. f6 Bc5
41. Re2 1-0

[Event "22nd TCh-SLO 2012"]
[Site "Slovenia SLO"]
[Date "2012.12.09"]
[Round "9"]
[White "Soln,P"]
[Black "Jankovic,A"]
[Result "0-1"]
[WhiteTitle "IM"]
[BlackTitle "GM"]
[WhiteElo "2382"]
[BlackElo "2535"]
[WhiteTeam "SD dr. Milan Vidmar LJ"]
[BlackTeam "ZSK Maribor"]
[WhiteFideId "14601060"]
[BlackFideId "14505959"]
[EventDate "2012.11.23"]

1. d4 Nf6 2. c4 d6 3. Nc3 Nbd7 4. e4 e5 5. d5 Nc5 6. f3 a5 7. Be3 Be7 8. Qd2 O-O
9. O-O-O Ne8 10. g4 Bh4 11. Nge2 g6 12. Bh6 Ng7 13. Ng3 f6 14. Be2 Bg5 15. Bxg5
fxg5 16. Nf1 h5 17. h3 h4 18. Ne3 a4 19. Nc2 Ne8 20. Qe3 Kg7 21. Rd2 Kh6 22.
Rhd1 Nf6 23. Ne1 Nfd7 24. Ng2 Kg7 25. Rc2 Na6 26. Kd2 a3 27. bxa3 Nac5 28. Nb1
c6 29. Ke1 cxd5 30. cxd5 Nb6 31. Kf2 Bd7 32. Rdc1 Nba4 33. Kg1 Kf6 34. Ne1 Qb8
35. Nd3 Nxd3 36. Bxd3 Nc5 37. Be2 Qa7 38. Kg2 Rfc8 39. Rc3 Qa4 40. Nd2 Qd4 41.
Nf1 Ra7 42. Rd1 Qxe3 43. Nxe3 Rca8 44. Rd2 Rxa3 45. Rxa3 Rxa3 46. Nc4 Ra6 47.
Rb2 Ke7 48. Kf2 Ra4 49. Nb6 Ra3 50. Ke1 Kd8 51. Nc4 Ra6 52. Ne3 Ra4 53. Nc2 Kc7
54. Kd2 Ra5 55. Ne3 Ra4 56. Nc2 b6 57. Ne3 Bc8 58. Nc4 b5 59. Ne3 Rd4+ 60. Ke1
Nd3+ 61. Bxd3 Rxd3 62. Ke2 Ra3 63. Nc2 Rc3 64. Ne3 Ba6 65. Kd2 Ra3 66. Rc2+ Kb6
67. Rc6+ Ka5 68. Rxd6 Rxa2+ 69. Nc2 b4 70. Kc1 Bd3 71. Ne1 Bb5 72. Rd8 Kb6 73.
Rb8+ Kc5 74. Rc8+ Kd6 75. Rb8 Ra5 76. Nc2 b3 77. Na3 Rxa3 78. Rxb5 b2+ 79. Kxb2
Rxf3 80. Rb6+ Kc5 81. Rxg6 Rxh3 82. Rxg5 Kd4 83. d6 Kxe4 84. d7 Rd3 85. Rh5 Rxd7
86. Rxh4 Rc7 87. Rh1 Kf4 88. Rg1 e4 89. g5 e3 90. g6 e2 0-1

[Event "22nd TCh-SLO 2012"]
[Site "Slovenia SLO"]
[Date "2012.12.08"]
[Round "9"]
[White "Mohr,G"]
[Black "Barle,J"]
[Result "1/2-1/2"]
[WhiteTitle "GM"]
[BlackTitle "IM"]
[WhiteElo "2483"]
[BlackElo "2374"]
[WhiteTeam "ZSK Maribor"]
[BlackTeam "SD dr. Milan Vidmar LJ"]
[WhiteFideId "14600013"]
[BlackFideId "14600021"]
[EventDate "2012.11.23"]

1. d4 d5 2. c4 c6 3. cxd5 cxd5 4. Nc3 Nf6 5. Nf3 Nc6 6. Bf4 Bf5 7. e3 e6 8. Bd3
Bxd3 9. Qxd3 Bd6 10. Bxd6 Qxd6 11. O-O O-O 12. Rac1 Rac8 13. a3 Rfd8 14. Rc2 h6
15. Rfc1 a6 16. Nd2 Ne7 17. Ne2 Rxc2 18. Qxc2 Rc8 19. Qb1 Rxc1+ 20. Qxc1 Qc6 21.
Qxc6 Nxc6 22. Nc3 Nd7 23. Kf1 Kf8 24. Ke2 Ke7 25. Kd3 Kd6 26. h3 Kc7 27. Kc2 Kd6
28. Kd3 Kc7 29. Kc2 Kd6 30. Kd3 1/2-1/2

[Event "22nd TCh-SLO 2012"]
[Site "Slovenia SLO"]
[Date "2012.12.08"]
[Round "9"]
[White "Jelen,Ig"]
[Black "Sakelsek,T"]
[Result "1/2-1/2"]
[WhiteTitle "IM"]
[BlackTitle "IM"]
[WhiteElo "2368"]
[BlackElo "2438"]
[WhiteTeam "SD dr. Milan Vidmar LJ"]
[BlackTeam "ZSK Maribor"]
[WhiteFideId "14600668"]
[BlackFideId "14603683"]
[EventDate "2012.11.23"]

1. d4 Nf6 2. c4 e6 3. Nc3 Bb4 4. e3 O-O 5. Bd3 d5 6. Nf3 c5 7. O-O cxd4 8. exd4
dxc4 9. Bxc4 b6 10. Bg5 Bb7 11. Ne5 Nbd7 12. Nxd7 Qxd7 13. Bxf6 gxf6 14. d5 exd5
15. Nxd5 Bxd5 16. Qxd5 Qxd5 17. Bxd5 Rad8 18. Rad1 Kg7 19. Rd3 Bd6 20. Be4 Bc7
21. Rfd1 Rxd3 22. Rxd3 Rd8 23. Rxd8 Bxd8 24. a4 a5 25. b3 Be7 26. g3 h6 27. Kg2
Bc5 28. h4 Bb4 29. Kf3 Bc5 30. Ke2 Bb4 31. Kf3 1/2-1/2

[Event "22nd TCh-SLO 2012"]
[Site "Slovenia SLO"]
[Date "2012.12.08"]
[Round "9"]
[White "Rozic,V"]
[Black "Saradjen,J"]
[Result "1-0"]
[WhiteTitle "WIM"]
[WhiteElo "2253"]
[BlackElo "2137"]
[WhiteTeam "ZSK Maribor"]
[BlackTeam "SD dr. Milan Vidmar LJ"]
[WhiteFideId "14604000"]
[BlackFideId "14601818"]
[EventDate "2012.11.23"]

1. d4 g6 2. Nf3 Bg7 3. e4 d6 4. Bc4 Nf6 5. Qe2 O-O 6. O-O c6 7. Bb3 Qc7 8. e5
dxe5 9. Nxe5 Nbd7 10. Nd3 e6 11. Bf4 Qa5 12. c3 Qh5 13. Qxh5 Nxh5 14. Bd6 Re8
15. Re1 Nb6 16. h3 a5 17. a4 Bf8 18. Bxf8 Kxf8 19. Nd2 Nd5 20. Ne4 Rd8 21. Ne5
h6 22. g3 Nhf6 23. f4 Nxe4 24. Rxe4 Bd7 25. Re2 Be8 26. Kf2 b5 27. Nd3 b4 28.
Bxd5 cxd5 29. cxb4 axb4 30. Nc5 Rdb8 31. b3 Ke7 32. Rc1 Ra7 33. Rec2 Bd7 34. Nd3
f6 35. Rc7 Rbb7 36. Rxb7 Rxb7 37. h4 h5 38. Rc5 Kd6 39. Ke3 Rb8 40. Ra5 Rc8 41.
Ra6+ Ke7 42. Nc5 Rc7 43. Rb6 e5 44. Rxb4 exf4+ 45. Kxf4 Kd6 46. Rb8 Ke7 47. a5
Bc8 48. b4 Kf7 49. b5 Kg7 50. b6 Rc6 51. b7 Bxb7 52. Rxb7+ Kh6 53. Rb6 1-0

[Event "22nd TCh-SLO 2012"]
[Site "Slovenia SLO"]
[Date "2012.12.08"]
[Round "9"]
[White "Dizdar,G"]
[Black "Mikac,M"]
[Result "1/2-1/2"]
[WhiteTitle "GM"]
[BlackTitle "IM"]
[WhiteElo "2499"]
[BlackElo "2394"]
[WhiteTeam "SK Triglav Krsko"]
[BlackTeam "SK Branik Maribor"]
[WhiteFideId "14500124"]
[BlackFideId "14600048"]
[EventDate "2012.11.23"]

1. Nf3 c5 2. c4 g6 3. d4 cxd4 4. Nxd4 Nc6 5. Nc2 Bg7 6. e4 Nf6 7. Nc3 d6 8. Be2
O-O 9. O-O Nd7 10. Bd2 Nc5 11. f3 a5 12. Be3 Be6 13. Na3 a4 14. Rc1 Qa5 15. Rf2
Rfc8 16. Bf1 h5 17. Nd5 Bxd5 18. cxd5 Ne5 19. Rfc2 Kh7 20. Be2 Qd8 21. g3 Bh6
22. f4 Ned7 23. Bf3 Bg7 24. Kg2 Na6 25. Rxc8 Rxc8 26. Rxc8 Qxc8 27. Qxa4 Bxb2
28. Nc4 Bg7 29. Qb5 Nc7 30. Qb3 Na6 31. Qb5 Nc7 32. Qb3 Na6 33. Na5 Nac5 34. Qb5
Qc7 35. Nc4 b6 36. a3 Qa7 37. h3 Qc7 38. a4 h4 39. g4 Nd3 40. Kf1 N7c5 41. Nxb6
Nb2 42. Bxc5 dxc5 43. e5 Bxe5 44. fxe5 Qxe5 45. Qe2 Qc3 46. Kg1 1/2-1/2

[Event "22nd TCh-SLO 2012"]
[Site "Slovenia SLO"]
[Date "2012.12.08"]
[Round "9"]
[White "Zupe,M"]
[Black "Brumen,D"]
[Result "1/2-1/2"]
[WhiteTitle "IM"]
[BlackTitle "IM"]
[WhiteElo "2323"]
[BlackElo "2357"]
[WhiteTeam "SK Branik Maribor"]
[BlackTeam "SK Triglav Krsko"]
[WhiteFideId "14600277"]
[BlackFideId "14501490"]
[EventDate "2012.11.23"]

1. d4 d5 2. Nf3 Nf6 3. c4 e6 4. Nc3 Nbd7 5. cxd5 exd5 6. g3 Be7 7. Bg2 c6 8. O-O
O-O 9. Qc2 Re8 10. Bf4 Nf8 11. Rad1 Ng6 12. Bc1 Be6 13. Ng5 Bd7 14. Nf3 Be6 15.
Ng5 Bd7 16. Nf3 Be6 17. Ng5 Bd7 18. Nf3 1/2-1/2

[Event "22nd TCh-SLO 2012"]
[Site "Slovenia SLO"]
[Date "2012.12.08"]
[Round "9"]
[White "Stajner,S"]
[Black "Supancic,D"]
[Result "1-0"]
[WhiteTitle "FM"]
[BlackTitle "FM"]
[WhiteElo "2261"]
[BlackElo "2370"]
[WhiteTeam "SK Triglav Krsko"]
[BlackTeam "SK Branik Maribor"]
[WhiteFideId "14604078"]
[BlackFideId "14600773"]
[EventDate "2012.11.23"]

1. d4 c5 2. d5 e5 3. e4 d6 4. Nc3 a6 5. a4 Be7 6. h3 Bg5 7. Bxg5 Qxg5 8. Nf3 Qd8
9. Nd2 Nd7 10. Nc4 Nb6 11. Ne3 Bd7 12. Ra3 Nf6 13. g4 O-O 14. h4 Nc8 15. Bh3 Ne8
16. g5 Ne7 17. Bf5 Nc7 18. Qg4 Be8 19. h5 Kh8 20. Bxh7 Kxh7 21. g6+ Kg8 22. Nf5
Qd7 23. Qh4 Nxf5 24. exf5 Qxf5 25. h6 Qf6 26. Qxf6 gxf6 27. g7 f5 28. gxf8=Q+ 1-0

[Event "22nd TCh-SLO 2012"]
[Site "Slovenia SLO"]
[Date "2012.12.08"]
[Round "9"]
[White "Dizdar,S"]
[Black "Mestrovic,Z"]
[Result "1/2-1/2"]
[WhiteTitle "FM"]
[BlackTitle "IM"]
[WhiteElo "2308"]
[BlackElo "2320"]
[WhiteTeam "SK Branik Maribor"]
[BlackTeam "SK Triglav Krsko"]
[WhiteFideId "14400260"]
[BlackFideId "14602059"]
[EventDate "2012.11.23"]

1. Nf3 Nf6 2. c4 g6 3. b3 Bg7 4. Bb2 O-O 5. d4 d6 6. Nc3 Nc6 7. e3 a6 8. Be2 e5
9. dxe5 dxe5 10. Qxd8 Rxd8 11. Nd2 Be6 12. O-O-O Nb4 13. a3 Nd3+ 14. Bxd3 Rxd3
15. Nf3 Rxd1+ 16. Rxd1 e4 17. Nd4 Bg4 18. Rd2 Re8 19. h3 Bc8 20. Nde2 b6 21. Nd5
Nxd5 22. Rxd5 Bxb2+ 23. Kxb2 f5 24. h4 Kf7 25. Kc3 Bb7 26. Rd7+ Re7 27. Rxe7+
Kxe7 28. b4 c5 29. bxc5 bxc5 30. Nf4 Kd6 1/2-1/2

[Event "22nd TCh-SLO 2012"]
[Site "Slovenia SLO"]
[Date "2012.12.08"]
[Round "9"]
[White "Kos,T"]
[Black "Navinsek,T"]
[Result "1/2-1/2"]
[WhiteTitle "IM"]
[BlackTitle "FM"]
[WhiteElo "2328"]
[BlackElo "2278"]
[WhiteTeam "SK Triglav Krsko"]
[BlackTeam "SK Branik Maribor"]
[WhiteFideId "14601508"]
[BlackFideId "14600340"]
[EventDate "2012.11.23"]

1. d4 d5 2. c4 e6 3. Nc3 Nf6 4. Bg5 Be7 5. Nf3 Nbd7 6. e3 c6 7. Qc2 O-O 8. Bd3
dxc4 9. Bxc4 Nd5 10. Bxe7 Qxe7 11. a3 Nxc3 12. Qxc3 b6 13. O-O Bb7 14. Be2 c5
15. Rfd1 Rfd8 16. Rac1 Rac8 17. Qd2 cxd4 18. Rxc8 Rxc8 19. Nxd4 Nf6 20. Bf3 Bxf3
21. Nxf3 Kf8 22. h3 Rc7 23. Ne5 Ne4 24. Qd4 Nc5 25. Qd8+ Qxd8 26. Rxd8+ Ke7 27.
Rd1 f6 28. Nf3 Rd7 29. Rxd7+ Nxd7 30. Kf1 e5 31. Ke2 Ke6 1/2-1/2

[Event "22nd TCh-SLO 2012"]
[Site "Slovenia SLO"]
[Date "2012.12.08"]
[Round "9"]
[White "Horvath,Ad1"]
[Black "Sebenik,M"]
[Result "1/2-1/2"]
[WhiteTitle "GM"]
[BlackTitle "GM"]
[WhiteElo "2495"]
[BlackElo "2543"]
[WhiteTeam "SD Rokada Lendava"]
[BlackTeam "SD Vrhnika"]
[WhiteFideId "708003"]
[BlackFideId "14602296"]
[EventDate "2012.11.23"]

1. e4 c5 2. Nf3 Nc6 3. d4 cxd4 4. Nxd4 g6 5. c4 Nf6 6. Nc3 d6 7. Be2 Nxd4 8.
Qxd4 Bg7 9. Be3 O-O 10. Qd2 Qa5 11. f3 Be6 12. Rc1 Rfc8 13. b3 a6 14. Na4 Qxd2+
15. Kxd2 Nd7 16. g4 f5 17. gxf5 gxf5 18. Rhg1 Kh8 19. Bd3 f4 20. Bf2 Bf6 21. Be2
Rg8 22. Nc3 Rxg1 23. Rxg1 Ne5 24. a4 Bf7 25. Nd5 Bxd5 26. cxd5 a5 27. Rc1 Rg8
28. Rg1 Rc8 29. Bb6 Nd7 30. Bxa5 Bd4 31. Rb1 Ne5 32. Kd1 Rg8 33. Bd2 Rg1+ 34.
Kc2 Rg2 35. Re1 Rf2 36. Bxf4 Nxf3 37. Rf1 Rxe2+ 38. Kd3 Rb2 39. Rxf3 Rxb3+ 40.
Ke2 Rb2+ 41. Kd3 Rb3+ 42. Ke2 Rb4 43. e5 Rb2+ 44. Kf1 Rb1+ 1/2-1/2

[Event "22nd TCh-SLO 2012"]
[Site "Slovenia SLO"]
[Date "2012.12.08"]
[Round "9"]
[White "Gostisa,L"]
[Black "Horvath,Ta1"]
[Result "1/2-1/2"]
[WhiteTitle "IM"]
[BlackTitle "IM"]
[WhiteElo "2419"]
[BlackElo "2390"]
[WhiteTeam "SD Vrhnika"]
[BlackTeam "SD Rokada Lendava"]
[WhiteFideId "14600722"]
[BlackFideId "700185"]
[EventDate "2012.11.23"]

1. d4 Nf6 2. Nf3 e6 3. g3 b5 4. Bg2 Bb7 5. O-O c5 6. Na3 a6 7. c4 b4 8. Nc2 cxd4
9. Ncxd4 Be7 10. Qb3 Nc6 11. Nxc6 Bxc6 12. Bf4 O-O 13. Rfd1 Qb6 14. Ne5 Bxg2 15.
Kxg2 Rac8 16. Kg1 d6 17. Nd3 d5 18. Rac1 a5 19. Bg5 dxc4 20. Rxc4 a4 21. Qc2 b3
22. axb3 axb3 23. Qc1 Rxc4 24. Qxc4 h6 25. Be3 Qb7 26. Rc1 Nd5 27. Bd4 Rb8 28.
Qc6 h5 29. Qxb7 Rxb7 30. f3 f6 31. Kf2 Kf7 32. Rc6 e5 33. Bc5 Rb5 34. e4 Nb4 35.
Bxb4 Bxb4 36. Rc7+ Be7 37. f4 exf4 38. Nxf4 Ke8 39. Nd5 Bd6 40. Rc4 Kf7 41. Nc3
Rb7 42. h3 Be5 43. g4 Kg6 44. Kf3 Kg5 45. gxh5 Kxh5 46. Rc8 Kg5 47. Ke2 g6 48.
Kf3 Rh7 49. Kg2 Kf4 50. Rc4 Rb7 51. Nd5+ Kg5 52. Nc3 Rc7 53. Rxc7 Bxc7 54. Ne2
Be5 55. Nc1 Kf4 56. Nxb3 Bxb2 57. Nd2 Bc3 58. Nf3 g5 59. Ng1 Kxe4 60. Nf3 Be5
61. Ne1 Kf4 62. Nf3 Bc3 63. Ng1 Ke4 64. Nf3 Be5 65. Ng1 1/2-1/2

[Event "22nd TCh-SLO 2012"]
[Site "Slovenia SLO"]
[Date "2012.12.08"]
[Round "9"]
[White "Sifrer,D"]
[Black "Kavcic,Z"]
[Result "1/2-1/2"]
[WhiteTitle "IM"]
[BlackTitle "FM"]
[WhiteElo "2393"]
[BlackElo "2269"]
[WhiteTeam "SD Rokada Lendava"]
[BlackTeam "SD Vrhnika"]
[WhiteFideId "14600110"]
[BlackFideId "14604582"]
[EventDate "2012.11.23"]

1. d4 Nf6 2. Nf3 c5 3. c3 e6 4. Bg5 Be7 5. Nbd2 b6 6. e4 cxd4 7. cxd4 Bb7 8. Bd3
d6 9. O-O O-O 10. Qe2 Nbd7 11. h3 Rc8 12. Rfd1 Nh5 13. Be3 Nhf6 14. Bg5 Nh5 15.
Be3 Nhf6 16. Bg5 Nh5 1/2-1/2

[Event "22nd TCh-SLO 2012"]
[Site "Slovenia SLO"]
[Date "2012.12.08"]
[Round "9"]
[White "Praznik,N"]
[Black "Plesec,D"]
[Result "1-0"]
[WhiteTitle "FM"]
[BlackTitle "FM"]
[WhiteElo "2294"]
[BlackElo "2315"]
[WhiteTeam "SD Vrhnika"]
[BlackTeam "SD Rokada Lendava"]
[WhiteFideId "14601621"]
[BlackFideId "14600161"]
[EventDate "2012.11.23"]

1. c4 f5 2. g3 Nf6 3. Bg2 e5 4. Nc3 Nc6 5. e3 Be7 6. Nge2 O-O 7. O-O d6 8. d3
Qe8 9. Nd5 Bd8 10. Nec3 Ne7 11. f4 c6 12. Nxf6+ Rxf6 13. d4 e4 14. b3 d5 15. Rf2
Be6 16. Bf1 Kh8 17. Ba3 Qf7 18. Rc1 Ba5 19. Rfc2 Bxc3 20. Rxc3 Rd8 21. Qc2 g5
22. fxg5 Rg6 23. Qf2 Rxg5 24. Qf4 Rg7 25. Bxe7 Qxe7 26. cxd5 Bxd5 27. Bh3 Rf8
28. Rf1 Rgf7 29. Rc2 Kg7 30. Rcf2 h6 31. Kh1 Kh7 32. Rg1 Qe6 33. Qh4 Qg6 34.
Rgf1 Kg7 35. Rf4 Be6 36. R1f2 Qg5 37. Bg2 Qxh4 38. Rxh4 Rf6 39. Rhf4 h5 40. h3
Bd5 41. Kh2 Kg6 42. Bf1 R8f7 43. Be2 Be6 44. Rh4 Rh7 45. g4 hxg4 46. Rxh7 Kxh7
47. hxg4 Rh6+ 48. Kg3 Kg6 49. gxf5+ Bxf5 50. Bg4 Bxg4 51. Kxg4 Rh8 52. Rf4 Rh2
53. Rxe4 Kf7 54. Kf5 Rh3 55. Kf4 Rh2 56. Ke5 Rxa2 57. Kd6 b6 58. Kxc6 Rc2+ 59.
Kd7 a5 60. d5 b5 61. d6 Rc3 62. Kd8 Rxb3 63. d7 a4 64. Kc8 Rc3+ 65. Kb7 1-0

[Event "22nd TCh-SLO 2012"]
[Site "Slovenia SLO"]
[Date "2012.12.08"]
[Round "9"]
[White "Ivanec,D"]
[Black "Justin,M"]
[Result "0-1"]
[BlackTitle "FM"]
[WhiteElo "2191"]
[BlackElo "2323"]
[WhiteTeam "SD Rokada Lendava"]
[BlackTeam "SD Vrhnika"]
[WhiteFideId "14604400"]
[BlackFideId "14600242"]
[EventDate "2012.11.23"]

1. e4 c5 2. Nf3 e6 3. d4 cxd4 4. Nxd4 a6 5. Bd3 g6 6. O-O Bg7 7. Be3 d6 8. Nd2
Qc7 9. c3 Nf6 10. Nc4 Nbd7 11. a4 Nxe4 12. a5 Nef6 13. Nb6 Nxb6 14. axb6 Qe7 15.
Nb5 O-O 16. Nc7 Rb8 17. Bg5 Bd7 18. Qd2 Bc6 19. Rfe1 Qd7 20. Rad1 Ne8 21. Nxe8
Rfxe8 22. Bc4 d5 23. Bf4 e5 24. Bg5 f6 25. Be3 Rbd8 26. Ba2 Kh8 27. h4 Qg4 28.
f3 Qxh4 29. Bf2 Qh5 30. Re4 dxe4 31. Qxd8 exf3 32. Rd7 Rxd8 33. Rxd8+ Bf8 34.
Rxf8+ Kg7 35. Rg8+ Kh6 36. Be3+ g5 37. Bc5 Qg4 38. Bf8+ Kh5 39. Bf7+ Kh4 0-1